<?xml version="1.0" encoding="UTF-8"?>
<resp>
  <nextPage>https://data.bn.org.pl/api/networks/bibs.marcxml?marc=001+b00001150002908&amp;sinceId=1150002909</nextPage>
  <collection>
    <record xmlns='http://www.loc.gov/MARC21/slim'><leader>01183namZa2200337ZiZ4500</leader><controlfield tag='001'>b00001150002908</controlfield><controlfield tag='005'>20260401103557.2</controlfield><controlfield tag='008'>230609s        pl           |000 0 pol c</controlfield><controlfield tag='009'>9913261735705606</controlfield><datafield ind1=' ' ind2=' ' tag='020'><subfield code='a'>8371150172</subfield></datafield><datafield ind1=' ' ind2=' ' tag='035'><subfield code='a'>KR_1KR_1_20120317232824015917-48omnis_kr</subfield></datafield><datafield ind1=' ' ind2=' ' tag='035'><subfield code='a'>KR_1_20120317232824015917</subfield><subfield code='9'>ExL</subfield></datafield><datafield ind1=' ' ind2=' ' tag='035'><subfield code='a'>(PL)b00001150002908</subfield></datafield><datafield ind1=' ' ind2=' ' tag='040'><subfield code='a'>KR_1</subfield><subfield code='c'>KR_1</subfield></datafield><datafield ind1='1' ind2=' ' tag='041'><subfield code='a'>pol</subfield><subfield code='h'>eng</subfield></datafield><datafield ind1='1' ind2=' ' tag='100'><subfield code='a'>Bryant, Anthony J.</subfield></datafield><datafield ind1='1' ind2='0' tag='245'><subfield code='a'>Samuraje /</subfield><subfield code='c'>tekst Anthony J. Bryant ; tablice barwne Angus McBride ; [tł. Jakub Godzimirski].</subfield></datafield><datafield ind1=' ' ind2=' ' tag='260'><subfield code='a'>W-wa :</subfield><subfield code='b'>Editions Spotkania :</subfield><subfield code='b'>&quot;Bellona&quot;,</subfield><subfield code='c'>[1994].</subfield></datafield><datafield ind1=' ' ind2=' ' tag='300'><subfield code='a'>64 s., [12] s. tabl. kolor. :</subfield><subfield code='b'>fot., il.(w tym kolor.);</subfield><subfield code='c'>25 cm</subfield></datafield><datafield ind1='1' ind2=' ' tag='490'><subfield code='a'>Spotkania Militaria. Jednostki Doborowe. ;</subfield><subfield code='v'>1</subfield></datafield><datafield ind1=' ' ind2=' ' tag='500'><subfield code='a'>n</subfield></datafield><datafield ind1='1' ind2=' ' tag='700'><subfield code='a'>McBride, Angus.</subfield><subfield code='e'>Il.</subfield></datafield><datafield ind1='1' ind2=' ' tag='700'><subfield code='a'>Godzimirski, Jakub M.</subfield><subfield code='d'>(1957- )</subfield><subfield code='e'>Tł.</subfield></datafield><datafield ind1=' ' ind2=' ' tag='852'><subfield code='b'>48OMNIS_NETWORK</subfield><subfield code='8'>9913261735705606</subfield></datafield><datafield ind1=' ' ind2=' ' tag='852'><subfield code='b'>48OMNIS_WBPL</subfield><subfield code='8'>991000998059708836</subfield></datafield><datafield ind1=' ' ind2=' ' tag='852'><subfield code='8'>22871056020008836</subfield><subfield code='j'>1</subfield><subfield code='b'>WBPL</subfield><subfield code='p'>KOD000003529</subfield><subfield code='c'>DUZIM_MG</subfield></datafield><datafield ind1=' ' ind2=' ' tag='920'><subfield code='a'>83-7115-017-2</subfield></datafield></record>
  </collection>
</resp>
